000 00312nam a22001337a 4500
008 170710b xxu||||| |||| 00| 0 eng d
020 _a0691013179
041 _aeng
080 _a030
100 _a23
101 _aENC
245 _aPRINCETON ENCYCLOPEDIA OF POETRY AND POETICS
_cPREMINGER,A
942 _2udc
_cBK
999 _c20172
_d20172